| 000 | 00610nam a2200229Ia 4500 | ||
|---|---|---|---|
| 003 | OSt | ||
| 005 | 20220927105045.0 | ||
| 006 | a|||||r|||| 00| 0 | ||
| 007 | ta | ||
| 008 | 220926b |||||||| |||| 00| 0 eng d | ||
| 024 | _a152009 | ||
| 037 | _cReference Collections | ||
| 040 |
_aRTL _cRTL _beng |
||
| 041 |
_2eng _aeng |
||
| 082 | _a"Xp1,N27, F7/UN" | ||
| 110 |
_aWorld Economic Conference _9369977 |
||
| 245 | 0 | _aReport and proceedings | |
| 260 | _c1927 | ||
| 700 |
_aWorld Economic Conference _9369978 |
||
| 942 |
_h"Xp1,N27, F7/UN" _cCC |
||
| 999 |
_c690523 _d690523 |
||